000 00829cam a22002773a 4500
001 19070
003 PGUSA
005 20140828083414.0
008 060817s2006||||xxu|||||s|||||000 1 eng d
040 _aPGUSA
_beng
042 _adc
050 4 _aPR
050 4 _aPZ
100 1 _aHenty, G. A.
_q(George Alfred),
_d1832-1902
245 1 0 _aBoth Sides the Border :
_bA Tale of Hotspur and Glendower
_h[electronic resource] /
_cG. A. Henty
260 _bProject Gutenberg,
_c2006
506 _aPublic domain in the USA.
516 _aElectronic text
653 _aJuvenile fiction
653 _aHistorical fiction
653 _aWelsh Borders (England and Wales) -- Fiction
700 1 _aPeacock, Ralph,
_d1868-1946
830 0 _aProject Gutenberg
_v19070
856 4 0 _uhttp://www.gutenberg.org/ebooks/19070
942 _cEB
999 _c248325
_d248325